000 00202nam a2200097Ia 4500
008 190216s9999||||xx |||||||||||||| ||und||
100 _aK T Mohammed
245 0 _aKalithok
260 _bNull
942 _cBK
999 _c23919
_d23919